The great arc : the dramatic tale of how India was mapped and Everest was named. (Record no. 100990)

MARC details
000 -LEADER
fixed length control field 00563cam a2200205 4500
008 - FIXED-LENGTH DATA ELEMENTS--GENERAL INFORMATION
fixed length control field 000000n2000 000 0 eng u
020 ## - INTERNATIONAL STANDARD BOOK NUMBER
International Standard Book Number 0002570629
035 ## - SYSTEM CONTROL NUMBER
System control number (Sirsi) u109800
050 ## - LIBRARY OF CONGRESS CALL NUMBER
Classification number 526.90954
100 ## - MAIN ENTRY--PERSONAL NAME
Personal name Keay, John
245 #4 - TITLE STATEMENT
Title The great arc : the dramatic tale of how India was mapped and Everest was named.
260 ## - PUBLICATION, DISTRIBUTION, ETC.
Place of publication, distribution, etc. London
Name of publisher, distributor, etc. Harper Collins
Date of publication, distribution, etc. 2000
300 ## - PHYSICAL DESCRIPTION
Extent 182p. ; 23cm.
650 ## - SUBJECT ADDED ENTRY--TOPICAL TERM
Topical term or geographic name entry element EVEREST
650 ## - SUBJECT ADDED ENTRY--TOPICAL TERM
Topical term or geographic name entry element SURVEY OF INDIA
650 ## - SUBJECT ADDED ENTRY--TOPICAL TERM
Topical term or geographic name entry element MAPPING
650 ## - SUBJECT ADDED ENTRY--TOPICAL TERM
Topical term or geographic name entry element LAND SURVEYING
690 ## - LOCAL SUBJECT ADDED ENTRY--TOPICAL TERM (OCLC, RLIN)
Topical term or geographic name as entry element MAPPING AND MEASUREMENT
942 ## - ADDED ENTRY ELEMENTS (KOHA)
Suppress in OPAC 0
Holdings
Withdrawn status Lost status Source of classification or shelving scheme Damaged status Not for loan Home library Current library Shelving location Date acquired Total Checkouts Full call number Barcode Date last seen Date last checked out Copy number Price effective from Koha item type
    Dewey Decimal Classification     London London Books 06/12/2000 5 526.90954 KEA 30063010 06/08/2019 04/08/2003 1 06/08/2019 Book